000 00387nam a2200121Ia 4500
005 20210429153913.0
008 210429s9999 xx 000 0 und d
082 _a660 A465I
100 _aAltaf, Jaffar
_928383
245 _aInfluence of Various Phyio-Chemical Parameters on the Adsorption of Copper Ions Using Activated Charcoal (MS-CHE-2014)
300 _a55p.29cm.
942 _2ddc
_cTH
999 _c561102
_d561102